Catálogo

CITOLOGIA E HISTOLOGIA VEGETAL Y ANIMAL : (Registro nro. 55780)

Detalles MARC
000 -LEADER
fixed length control field 01105nam a2200205 a 4500
001 - CONTROL NUMBER
control field 55780
005 - DATE AND TIME OF LATEST TRANSACTION
control field 20180714051230.0
008 - FIXED-LENGTH DATA ELEMENTS--GENERAL INFORMATION
fixed length control field 140415s2007 cc 000 0 spa d
020 ## - INTERNATIONAL STANDARD BOOK NUMBER
International Standard Book Number 9788448155957
041 ## - LANGUAGE CODE
Language code of text/sound track or separate title spa
082 ## - DEWEY DECIMAL CLASSIFICATION NUMBER
Classification number 571.6
Item number PAN
100 1# - MAIN ENTRY--PERSONAL NAME
Personal name PANIAGUA, RICARDO
245 10 - TITLE STATEMENT
Title CITOLOGIA E HISTOLOGIA VEGETAL Y ANIMAL :
Remainder of title HISTOLOGIA VEGETAL Y ANIMAL
250 ## - EDITION STATEMENT
Edition statement 4ed.
260 ## - PUBLICATION, DISTRIBUTION, ETC.
Place of publication, distribution, etc. CHINA :
Name of publisher, distributor, etc. MCGRAW HILL INTERAMERICANA DE ESPAÑA,
Date of publication, distribution, etc. 2007
300 ## - PHYSICAL DESCRIPTION
Extent 190
Dimensions 21.5 x 2.6 x 27.5
520 ## - SUMMARY, ETC.
Summary, etc. EL ESTUDIANTE DE CIENCIAS BIOLOGICAS QUE DEBE CURSAR LA DISCIPLINA CITOLOGIA E HISTOLOGIA VEGETAL Y ANIMAL SE ENCUENTRA CON UN GRAVE PROBLEMA A LA HORA DE ELEGIR UN TEXTO PARA SU ESTUDIO. SI BIEN EXISTEN EXCELENTES MANUALES QUE TRATAN CON PROFUNDIDAD LA MAYORIA DE LOS TEMAS QUE FORMAN EL PROGRAMA DE LA ASIGNATURA, NINGUNO DE ELLOS, PESE A SU CONSIDERABLE EXTENSION, SE ADAPTA AL PROGRAMA COMPLETO.
650 14 - SUBJECT ADDED ENTRY--TOPICAL TERM
Topical term or geographic name entry element CITOLOGIA
General subdivision HISTOLOGIA
-- BIOLOGIA CELULAR
700 1# - ADDED ENTRY--PERSONAL NAME
Personal name NISTAL, MANUEL -SESMA, PILAR -ALVAREZ-URIA, MANUEL -FRAILE, BENITO -ANADON, RAMON -SAENZ, FRANCISCO JOSE
Relator term coaut.
Existencias
Withdrawn status Lost status Source of classification or shelving scheme Damaged status Not for loan Collection code Home library Current library Shelving location Date acquired Source of acquisition Inventory number Total Checkouts Total Renewals Full call number Barcode Date last seen Date last checked out Price effective from Koha item type
    Dewey Decimal Classification     General Biblioteca Karol Wojtyla Biblioteca Karol Wojtyla Sala general 03/12/2013 Compra 151000000000000000000231 14 2 571.6 PAN 83844 05/01/2026 21/08/2025 03/12/2013 Libro
    Dewey Decimal Classification     General Biblioteca Karol Wojtyla Biblioteca Karol Wojtyla Sala general 03/12/2013 Compra 151000000000000000000230     571.6 PAN 2007 84811 05/01/2026   06/01/2015 Reserva permanente